El van intézve, Nagyfönök! {E in regula, Sefu'!}. [O.K. Chief! Orbán János dénes:Bizalmas jelentés egy életműről. Méhes György monográfia]
Elmentve itt :
| Szerző: | |
|---|---|
| Adatforrás: | Meister |
| Forrásdokumentuma: | Korunk. - 2001. 6, 122-124. |
| Nyelv: | magyar |
| Kulcsszavak: | recenzió recenzie book review ORBÁN János Dénes MÉHES György |
| LEADER | 00557nab a2200169 i 4500 | ||
|---|---|---|---|
| 001 | bibPRO00011176 | ||
| 008 | 080908s2001 xx hun | ||
| 040 | |a Sz1 | ||
| 041 | |a hun | ||
| 100 | 1 | |a DEMETER Szilárd | |
| 245 | 1 | 0 | |a El van intézve, Nagyfönök! {E in regula, Sefu'!}. [O.K. Chief! Orbán János dénes:Bizalmas jelentés egy életműről. Méhes György monográfia] |c DEMETER Szilárd |
| 695 | |a recenzió | ||
| 695 | |a recenzie | ||
| 695 | |a book review | ||
| 695 | |a ORBÁN János Dénes | ||
| 695 | |a MÉHES György | ||
| 773 | 0 | |t Korunk. - |g 2001. 6, 122-124. | |